Random Star Powers - Statistics

General Stats
  • This quiz has been taken 12 times
  • The average score is 6 of 10
Answer Stats
Picture Answer % Correct
Dyna-Jump
100%
Boosted Booster
86%
Band-Aid
71%
Power Grab
71%
Berserker
57%
Fertilize
57%
Magnum Special
57%
Sneak Peak
57%
Nigiri Nemesis
43%
Snappy Sniping
43%
No matching quizzes found
Score Distribution
Percent of People with Each Score
Percentile by Number Answered
Your Score History
You have not taken this quiz